Sañjayan. (Record no. 79028)

MARC details
000 -LEADER
fixed length control field 00504cam a22002051 4500
001 - CONTROL NUMBER
control field sa 68002841
003 - CONTROL NUMBER IDENTIFIER
control field DLC
005 - DATE AND TIME OF LATEST TRANSACTION
control field 20260227112447.0
008 - FIXED-LENGTH DATA ELEMENTS--GENERAL INFORMATION
fixed length control field 890503m19531966ii 000 0 malo
010 ## - LIBRARY OF CONGRESS CONTROL NUMBER
LC control number sa 68002841
035 ## - SYSTEM CONTROL NUMBER
System control number (OCoLC)19649784
040 ## - CATALOGING SOURCE
Original cataloging agency DLC
Transcribing agency WaU
Modifying agency DLC
042 ## - AUTHENTICATION CODE
Authentication code premarc
050 00 - LIBRARY OF CONGRESS CALL NUMBER
Classification number PL4718.9.N357
Item number A6 1953
100 1# - MAIN ENTRY--PERSONAL NAME
Personal name Nayar, M. Ramunni,
Dates associated with a name 1903-1943.
245 10 - TITLE STATEMENT
Title Sañjayan.
260 ## - PUBLICATION, DISTRIBUTION, ETC.
Date of publication, distribution, etc. 1953-1966 [v. 1, 1964]
300 ## - PHYSICAL DESCRIPTION
Extent 6 v.
Dimensions 19 cm.
500 ## - GENERAL NOTE
General note In Malayalam.

No items available.

Powered by Koha